000 00870 a2200193 4500
003 Nust
005 20221209111116.0
028 _aKatson Books
040 _cNust
082 _a621.382,SHA
100 _aSharma, Sanjay
_9217
245 _aDigial communications /
_cSanjay Sharma
260 _aNew Delhi
_bKatson Books
_c2011
300 _av, 583
505 _aIntroduction (Page-1), Probability Random Signals and Random Process (Page-36), Sampling Theory and Pulse Modulation (Page-97), Wave Coding Techniques (Page-146), Digital Multiplexers (Page-214), Digital Baseband Transmission (Page-236), Introduction to Signal Space Analysis (Page-314), Digital Modulation Techniques (Page-326), Information Theory (Page-391), Error Control Coding (Page-452).
600 _aDigital communication
_9104544
610 _aDigital communication
_9104545
942 _2ddc
_cBK
999 _c189292
_d189292